Normal view
MARC view
Entry Topical Term
001 - CONTROL NUMBER
- control field: 58896
003 - CONTROL NUMBER IDENTIFIER
- control field: OSt
005 - DATE AND TIME OF LATEST TRANSACTION
- control field: 20260211144905.0
008 - FIXED-LENGTH DATA ELEMENTS
- fixed length control field: 260211|| aca||aabn | a|a d
040 ## - CATALOGING SOURCE
- Original cataloging agency: OSt
- Transcribing agency: OSt
150 ## - HEADING--TOPICAL TERM
- Topical term or geographic name entry element: e-Governance, Time-bound delivery of services, e-SLA, Process re-engineering, Right to services act (RTS act).
670 ## - SOURCE DATA FOUND
- Source citation: Work cat.: (OSt): Chaubey, Santulan Mathur, Kritika and Taneja, Dinesh 58895, A review of the right to time-bound delivery of public services in India
